000 00583nam a22001577a 4500
003 OSt
005 20150925132543.0
008 150925b xxu||||| |||| 00| 0 eng d
040 _cRUA
082 _aAGR SER 2013 BO55 Or.1
100 _91323
_aSREANG, PHEARA
245 _aPERFORMANCE OF DIFFERENT TOMATO VARIETIES UNDER FARMER'S CONDITION សំដែងកម្មនៃពូជប៉េងប៉ោះផ្សេងៗគ្នាក្នុងលក្ខខណ្ឌកសិកេ.
260 _aPHNOM PHEN
_bRUA
_c2013
300 _aIX.33p.
_bill.
_c29cm.
942 _2ddc
_cAGR
999 _c1246
_d1246